un x100to - Grupo Frontera - Statystyki

Ogólne statystyki
  • Ten quiz został rozwiązany 2 razy
  • Średni wynik to 288 z 341
Statystyki odpowiedzi
Odpowiedź % Poprawnych
a
100%
aquí
100%
Baby,
100%
ciento
100%
cierto
100%
cierto,
100%
con
100%
cuando
100%
de
100%
decirte
100%
disco,
100%
dormir
100%
el
100%
en
100%
En
100%
es
100%
Eso
100%
estás
100%
esto
100%
estoy
100%
feliz,
100%
fotos
100%
gusta
100%
ha
100%
hace
100%
Hace
100%
irme
100%
la
100%
las
100%
Las
100%
lo
100%
los
100%
Los
100%
Me
100%
me
100%
mejor
100%
mí,
100%
miento?
100%
mucho
100%
nada
100%
no,
100%
no
100%
No
100%
otra
100%
para
100%
perdiendo
100%
perfume
100%
por
100%
Porque
100%
que
100%
Que,
100%
qué
100%
Qué
100%
Que
100%
queda
100%
reír
100%
Salí
100%
100%
si
100%
Si
100%
100%
siento
100%
Siento
100%
solo
100%
Solo
100%
te
100%
tengo
100%
tenía
100%
ti
100%
tiempo
100%
tu
100%
100%
un
100%
una
100%
usaré
100%
ven
100%
veo
100%
videos
100%
vieron
100%
Y
100%
Ya
100%
ya
100%
ahí
50%
ahogándome
50%
ahogándome,
50%
Ahora
50%
bien
50%
Borracho,
50%
cicatrices
50%
como
50%
contigo
50%
corazón
50%
costao
50%
días
50%
diez
50%
duele
50%
duelen
50%
duermo
50%
escribí
50%
están
50%
(ey)
50%
ey,
50%
ey
50%
favor
50%
fuese
50%
fui
50%
grises
50%
has
50%
he
50%
hice
50%
incendié
50%
infierno
50%
Insta
50%
invitándome
50%
Jugando
50%
lado
50%
mandado
50%
mejorado
50%
mensajes,
50%
metí
50%
mismo
50%
olvidarte
50%
¿pa
50%
pensaba
50%
pensando
50%
Pero
50%
pero
50%
pies
50%
Prendo
50%
quieres
50%
Quizás
50%
Rogándote
50%
saber,
50%
salir,
50%
siguen
50%
sueño
50%
supieras
50%
tequila
50%
tienes
50%
todos
50%
tus
50%
va
50%
ver
50%
viendo
50%
Viviendo
50%
Wow
50%
yo
50%
Bad
0%
Bunny
0%
compa
0%
dónde
0%
extrañándote
0%
Frontera
0%
Grupo
0%
hoy,
0%
morritas
0%
muchachos
0%
paso
0%
peda
0%
siempre
0%
termino
0%
texteándome,
0%
Nie znaleziono quizów pasujących do podanych kryteriów
Rozkład punktacji
Procent ludzi z każdym wynikiem
Percentyl według liczby udzielonych odpowiedzi
Twoja historia wyników
Nie rozwiązałeś tego quizu